000 00503nam a22001937a 4500
003 MPLRDC
005 20220104193445.0
008 210129b ||||| |||| 00| 0 eng d
020 _a978-986-6613-59-3
082 _a538.7 COW
100 _aTYLER COWEN
245 _a中午吃什么?
_c朱道凯 译
250 _a初版14刷
260 _a台湾
_b早安财经文化有限公司
_c2013
300 _b
490 _a早安财经讲堂: 58
650 _a饮食风俗
942 _cBK
_o538.7 COW
999 _c65205
_d65195